| 000 | 00832nam a22002177a 4500 | ||
|---|---|---|---|
| 999 |
_c97604 _d97604 |
||
| 005 | 20230112160809.0 | ||
| 010 | _a 1516EN07 ENG-114196 B-607413-434 ENG-135983 | ||
| 020 |
_a9789351435792 _c595.00 |
||
| 035 | _aEN-97728 | ||
| 035 | _aB-607413-434 | ||
| 035 | _aEN-119515 | ||
| 037 | _bDBAD/PUB | ||
| 082 | _a000 | ||
| 245 |
_aEthics, integrity and aptitude : _bgeneral studies (paper-IV) for Civil Services main examination |
||
| 260 |
_aGurgaon _bLexisNexis _c2015 |
||
| 270 |
_a14th Floor, Building No 10, Tower- B, DLF Cyber City, Phase-II, _bGurgaon _e122002 |
||
| 300 |
_avarious pagings _c24cm(pbk) |
||
| 490 | _aCATAPULT test prep series | ||
| 942 |
_2ddc _cEN _mGEN _h000 |
||